| 000 | 00922cab a2200313 4500 | ||
|---|---|---|---|
| 001 | WB3314-19 | ||
| 008 | 090401t1997 xxu||||| |||| 00| 0 eng d | ||
| 035 | _a(Sirsi) u77701 | ||
| 041 | _aeng | ||
| 245 | _aCancer link with industrial sites | ||
| 260 | _c1997 | ||
| 350 | _a0 | ||
| 490 |
_aGuardian _v10 April 1997, 4(1) |
||
| 520 | _aResearch into children with cancer has shown that living near heavy industrial sites such as oil refineries, results in a stronger link with cancer than living near nuclear plants. | ||
| 650 | _aCANCER | ||
| 650 | _aCHILDREN | ||
| 650 | _aGASES | ||
| 650 | _aHEALTH HAZARDS | ||
| 650 | _aINDUSTRIAL SITES | ||
| 650 | _aMOTORWAYS | ||
| 650 | _aNUCLEAR POWER STATIONS | ||
| 650 | _aOIL REFINERIES | ||
| 650 | _aPROXIMITY | ||
| 650 | _aRESEARCH | ||
| 650 | _aSTEELWORKS SITE | ||
| 690 | _aENVIRONMENTAL AND LAND CONSULTANCY | ||
| 942 | _n0 | ||
| 948 | _c11/04/1997 | ||
| 999 |
_c48842 _d48842 |
||